Жертва (Запис № 580615)

МАРК-запис
000 -Лідер
fixed length control field 03925 a2200313 4500
001 - Контрольний номер
control field 2162214035926770
003 - Ідентифікатор контрольного номера
control field UA-OsUOA
005 - Дата та час останнього входження (трансакції)
control field 20260429130530.0
008 - Елементи даних фіксованої довжини – загальна інформація
fixed length control field 260429b ru a|||| |||| 00| f rus d
020 ## - Міжнародний стандартний книжковий номер (ISBN)
Міжнародний стандартний книжковий номер (ISBN) (НП) 5862140085
040 ## - Джерело каталогізації
Агенція оригінальної каталогізації UA-OsUOA
Мова каталогізації rus
Агенція, яка здійснювала перезапис UA-OsUOA
Агенція, яка здійснювала модифікацію UA-OsUOA
041 ## - Код мови
Код мови тексту/ звукової доріжки чи окремого заголовка (П) rus
080 ## - Індекс Універсальної десяткової класифікації
Індекс Універсальної десяткової класифікації (УДК) (НП) 821.161.1(410)
090 ## - Локальний шифр розміщення
Класифікаційний індекс УДК 821.161.1(410)
Авторський знак (НП) Б87
100 ## - Основне введення – ім’я особи
Ім’я особи (НП) Браун К.
9 (RLIN) 25126
245 ## - Відомості про назву
Назва (НП) Жертва
Решта назви (НП) Романы
Дані про відповідальність (НП) Картер Браун ; пер. с английского И. М. Аджер, А. Н. Романова ; состав. Н. Ф. Терешкина
260 ## - Публікація, розповсюдження і т.п. (Вихідні дані)
Місце публікації, розповсюдження і т.п. (П) М.
Ім’я/ наймення видавництва, розповсюджувача і т.п. (П) Фирма "АДА"
Дата публікації, розповсюдження і т.п. (П) 1992
300 ## - Фізичний опис
Обсяг 448 с.
440 ## - Область серії / додатковий пошуковий ознака на назву серії
Заголовок Классика зарубежного детектива
9 (RLIN) 25127
490 ## - Область серії
Позначення і номер тому / порядкове позначення Вып. 2
520 ## - Резюме і т.п.
Резюме, реферат, анотація, тощо (НП) «Жертва» (The Victim):<br/>Лейтенант Эл Уилер расследует убийство молодой женщины. Подозрение падает на её мужа, но Уилер чувствует, что всё слишком очевидно. В поисках правды он погружается в мир шантажа и старых тайн, где каждый участник драмы может оказаться как жертвой, так и хладнокровным игроком.<br/>«Алая плоть» (The Brazen):<br/>Загадочная смерть молодой девушки в роскошном пентхаусе кажется несчастным случаем, пока за дело не берется Эл Уилер. Ему предстоит столкнуться с миром богемы, где за блеском и гламуром скрываются извращенные страсти и готовность убить ради сохранения репутации.<br/>«Гуляй, ведьма!» (Walk Softly, Witch):<br/>Главный герой оказывается втянут в опасную игру, где замешаны оккультизм и большие деньги. Роковая женщина, называющая себя «ведьмой», манипулирует всеми вокруг. Детективу нужно выяснить, где заканчивается мистика и начинается расчетливое преступление, прежде чем он сам станет следующей целью.<br/>«Необычный труп» (The Body):<br/>Классическая завязка: тело найдено там, где его быть не должно. Уилер обнаруживает, что убитый был связан с влиятельными людьми города. Остроумные диалоги и стремительное развитие событий ведут к финалу, в котором главному герою придется применить не только дедукцию, но и силу.<br/>«Бэби ценой в миллион» (The Million Dollar Babe):<br/>История о похищении и вымогательстве. Огромная сумма денег и красивая женщина — идеальный коктейль для неприятностей. Эл Уилер пытается распутать клубок лжи, в котором замешаны профессиональные преступники и те, кто просто решил сорвать большой куш.
650 ## - Додаткове предметне введення – тематичний термін
Тематичний термін чи географічна назва, як елемент введення (НП) 821 Художня література окремими мовами і мовними сім'ями
9 (RLIN) 17
700 1# - Додаткове введення – ім'я особи
Ім’я особи (НП) Аджер И. М.
9 (RLIN) 25128
700 1# - Додаткове введення – ім'я особи
Ім’я особи (НП) Романова А. Н.
9 (RLIN) 25129
700 1# - Додаткове введення – ім'я особи
Ім’я особи (НП) Терешкина Н. Ф.
9 (RLIN) 25130
942 ## - Додаткові елементи входу (Коха)
Тип елемента Koha Книги
Source of classification or shelving scheme Universal Decimal Classification
955 ## - Код типу видання за змістом
Код типу видання за змістом (НП) Літературно-художні видання
Фонди
Стан вилучень Стан втрат Джерело класифікації або схеми стелажів Стан уражень Не для кредиту Код колекції Постійне місце розташування Поточне розміщення Дата придбання Джерело придбання Вартість, звичайна ціна покупки Інвентарний номер Усього замовленно Повний номер виклику Штрих-код Дата останнього перегляду Вартість, ціна заміни Ціна ефективна від Тип елемента Koha
    Universal Decimal Classification     Колекція Шевчука Валерія АБ - Абонемент НБ АБ - Абонемент НБ 28/04/2026 Акт №24/28.04.2026 15.00 169882   821.161.1(410) Б87 169882 29/04/2026 15.00 29/04/2026 Книги